zpět

Detail výsledku týmu

Rockle Klub, České Budějovice

Datum a čas kvízu

30 Celkem bodů Celkový počet nahraných bodů na tomto kvízu bez doplňovacích otázek.
3. Pořadí na kvízu Konečné umístění týmu na tomto kvízu.

Zaznamenané odpovědi

# Otázka Odpověď Body Výsledky
1. Minulý týden jsme s napětím sl... Pákistán 1
2. Více než 1 400 delfínů padlo v... Na Faerských ostrovech. 0
3. Vzácný artefakt pocházející z... lodní zvon 0
4. Minulý týden byl oznámen defin... Orlen 1
5. V uplynulém týdnu odstartovaly... Sparta, Slavia, Jablonec 0
6. Před několika týdny jsme si bl... Valencie 1
7. V Madridu, ale i ve zbytku Špa... patatas bravas/papas bravas 0
8. Název jistého španělského alko... sangria 1
9. Název tradiční španělské sušen... jamón 1
10. Jak se nazývá tato oblíbená šp... churros 1